Bilecik Bilecik Bilecik Bilecik Bilecik

TRT Ankara Televizyonu Gün Başlıyor Programı haftanın karikatürü = (Record no. 17192)

MARC details
000 -BAŞLIK
Sabit Uzunluktaki Kontrol Alanı 00985nam a22003017a 4500
001 - KONTROL NUMARASI
Control Dosyası 0017235
003 - KONTROL NUMARASI KİMLİĞİ
Kontrol Alanı KOHA_MİRAKIL
005 - EN SON İŞLEM TARİHİ ve ZAMANI
Kontrol Alanı 20260207002132.0
007 - FİZİKSEL TANIM SABİT ALAN - GENEL BİLGİ
Sabit uzunluklu kontrol alanı ta
008 - SABİT UZUNLUKTAKİ VERİ ÖGELERİ - GENEL BİLGİ
Sabit Alan 100517b2000 tu |||gr||||#||||0|tur |
020 ## - ISBN - ULUSLARARASI STANDART KİTAP NUMARASI
Kullanılabilirlik koşulları 0,01
040 ## - KATALOGLAMA KAYNAĞI
Özgün Kataloglama Kurumu TR-BiSEU
Kataloglama Dili tur
Çeviri Kurumu TR-BiSEU
Açıklama Kuralları rda
041 0# - DİL KODU
Metin ya da ses kaydının dil kodu tur
044 ## - YAYINLAYAN/ÜRETEN KURULUŞUN ÜLKE KODU
ISO country code tu
050 ## - SINIFLAMA ve YER NUMARASI
Sınıflama Numarası NC1369.D3
Yer Numarası A61 2000
100 1# - KİŞİ ADI
Yazar Adı (Kişi adı) Danyal, Nezih.
240 10 - TEK BİÇİM BAŞLIK
Tekbiçim Başlık <a href="TRT Ankara TV 'The Day Begins' show">TRT Ankara TV 'The Day Begins' show</a>
Language of a work Türkçe
245 1# - ESER ADI BİLDİRİMİ
Başlık TRT Ankara Televizyonu Gün Başlıyor Programı haftanın karikatürü =
Alt Eseradı vb. TRT Ankara TV 'The Day Begins' show/
Sorumluluk Bildirimi Nezih Danyal ; Nezih Danyal.
264 #1 - ÜRERİM, YAYIN, DAĞITIM ve TELİF BİLDİRİMİ
Yayın yeri Ankara :
Yayınlayan TRT Genel Sekreterlik
Yayın tarihi 2000
300 ## - FİZİKSEL TANIMLAMA
Sayfa, Cilt vb. 207 sayfa: resimli; 25 cm.
336 ## - İÇERİK TÜRÜ
Content type term metin
Content type code txt
Source rdacontent
337 ## - MEDYA TÜRÜ
Media type term aracısız
Media type code n
Source rdamedia
338 ## - TAŞIYICI TÜRÜ
Carrier type term cilt
Carrier type code nc
Source rdacarrier
650 #0 - KONU BAŞLIĞI EK GİRİŞ - KONU TERİMİ
Konusal terim veya coğrafi ad Danyal, Nezih, 1945-.
9 (RLIN) 39952
650 #0 - KONU BAŞLIĞI EK GİRİŞ - KONU TERİMİ
Konusal terim veya coğrafi ad Karikatüristler--Türkiye.
9 (RLIN) 36825
650 #0 - KONU BAŞLIĞI EK GİRİŞ - KONU TERİMİ
Konusal terim veya coğrafi ad Karikatür ve çizgi romanlar.
9 (RLIN) 39953
942 ## - EK GİRİŞ ÖGELERİ (KOHA)
Source of classification or shelving scheme Library of Congress Classification
Koha item type Book
Holdings
Materyal Türü Kalıcı Konum Mevcut Konum Raf Yeri Sınıflandırma Kaynağı Edinim Bilgisi Ana Konular Alt Konular Yer Numarası Demirbaş Numarası Fatura Tarihi Geri Çekilme Durumu Kayıp Durumu Hasarlı Durumu Kredi için değil Kayıt Tarih Toplam Ödünçverme Son Görülme Tarihi Son Kontrol Tarihi Genel / Bağış Notu
Book Prof. Dr. Azmi Özcan Kütüphanesi Prof. Dr. Azmi Özcan Kütüphanesi Uluğbey Salonu Library of Congress Classification Bağış GÜZEL SANATLAR Çizim, Tasarım, İllüstrasyon NC1369.D3 A61 2000 0017235 13/08/2010         17/05/2010   05/12/2024 05/12/2024 TRT